000 00705nam a2200253Ia 4500
003 OSt
005 20220928114729.0
006 a|||||r|||| 00| 0
007 ta
008 220927b |||||||| |||| 00| 0 eng d
024 _a69976
037 _cTextual
040 _aSDCL
_cSDCL
_beng
041 _2eng
_aeng
082 _aX:95, P5
100 _aHerbert Ian
_9440615
245 0 _aManaging your placement
_bSkills based approach.
260 _aNew York
_b Palgrave Macmillan
_c2005
300 _ax,242p.
_ccm.
650 _aEmployment and Service
700 _a Rothwell Andrew
_9440616
942 _hX:95, P5
_cTEXL
_2CC
999 _c756174
_d756174